Classifica Marcatori Bundesliga 2015-2016 - Statistics

Statistiche generali
  • Questo quiz è stato fatto 9 volte
  • Il punteggio medio è 8 su 17
Statistiche sulle risposte
Gol Nazione Squadra Calciatore % Corretto
12 Germania Borussia Dortmund Marco Reus
100%
25 Gabon Borussia Dortmund Pierre-Emerick Aubameyang
100%
30 Polonia Bayern Monaco Robert Lewandowski
100%
20 Germania Bayern Monaco Thomas Müller
100%
12 Paesi Bassi Schalke 04 Klaas-Jan Huntelaar
89%
14 Peru Werder Brema Claudio Pizarro
67%
11 Armenia Borussia Dortmund Henrix Mxit'aryan
67%
17 Messico Bayer Leverkusen Javier Hernández
67%
15 Francia Colonia Anthony Modeste
56%
12 Germania Eintracht Francoforte Alexander Meier
33%
13 Germania Stoccarda Daniel Didavi
22%
13 Brasile Borussia Mönchengladbach Raffael
22%
14 Costa d'Avorio Hertha Berlino Salomon Kalou
22%
11 Nigeria Werder Brema Anthiny Ujah
0%
12 Germania Darmstadt Moritz Hartmann
0%
14 Germania Darmstadt Sandro Wagner
0%
11 Turchia Magonza Yanus Malli
0%
Nessun quiz corrispondente trovato
Distribuzione punteggi
Percentuale di utenti per punteggio
Percentile per numero di risposta
I tuoi punteggi nel tempo
Non hai fatto questo quiz